000 00669nam a2200289Ia 4500
005 20260324114930.0
008 008 260324s9999 xx 000 0 eng d
020 _a9780429055126
037 _aEBOOK
040 _aCRL
040 _beng
040 _cCRL
041 _2eng
041 _aeng
084 _qCRL
100 _aJohn R. Vacca
_91152715
245 0 _aCloud Computing Security
245 0 _bFoundations and Challenges
260 _bTaylor and Francis
260 _c2020
365 _a
365 _b240
856 _uhttp://www.taylorfrancis.com/books/9780429055126
942 _cEBOOK
999 _c1743205
_d1743205